00473nam a22001457a 4500003000500000038001800005082000800023100001800031245011500049264003200164300002300196650001600219700003500235856005700270NUST aNusrat Nadeem a200 aAhmad, Zaheer aGauging the Relation of Customer Satisfaction & Network Quality with Net Promoter Score (Zong)c Zaheer Ahmad, aIslamabad,bNBS NUST,c2024 a39,p.bill;c30cm. aEMBA Thesis aSupervisor: Dr. Muhammad Waqas uhttp://10.250.8.41:8080/xmlui/handle/123456789/43555